Szczegóły MARC21

Jak odnieść sukces w negocjacjach /

003 -Nazwa inst., której nr kontr. jest w polu 001 [,]
    • @
    • Nazwa instytucji, której n kontrolny jest w polu 001
    • NUKAT
005 -DATA I CZAS OSTATNIEJ MODYFIKACJI [,]
    • @
    • pole kontrolne
    • 20241231090349.0
020 -Międzynarod. znormalizowany nr książki - ISBN [ , ]
    • a
    • Numer ISBN
    • 9788326479922 Find
040 -Instytucja sporządzająca opis [ , ]
    • a
    • Instytucja, która sporządziła opis (NP)
    • KR 306/LS
    • c
    • Instytucja, która sporządziła rekord (NP)
    • KR 306/LS
    • d
    • Instytucja, która zmodyfikowała rekord (P)
    • KR 306/AP
041 -Język dokumentu [1, ]
    • a
    • Język tekstu (P)
    • polski
    • h
    • Język tekstu oryginalnego i/lub pośredniego (P)
    • angielski
942 -Rodzaj dokumentu [ , ]
    • c
    • Rodzaj dokumentu
    • Książka
100 -Hasło główne - nazwa osobowa [1, ]
    • a
    • Nazwa osobowa (NP)
    • Steele, Paul
    • d
    • Daty biograficzne (NP)
    • (1947- ).
    • 9
    • KHW
    • 82409
240 -Tytuł ujednolicony [1,0]
    • a
    • Tytuł ujednolicony
    • It's a deal
    • l
    • Język tekstu
    • (pol.)
    • 9
    • KHW
    • 82413
245 -Strefa tytułu i oznaczenia odpowiedzialności [1,0]
    • a
    • Tytuł
    • Jak odnieść sukces w negocjacjach / Find
    • c
    • Pozostałe elementy strefy tytułu i oznaczenia odpowiedzialności (NP)
    • Paul Steele, John Murphy, Richard Russill ; przeł. Grzegorz Łuczkiewicz.
260 -Strefa adresu wydawniczego [ , ]
    • a
    • Miejsce wydania (P)
    • Kraków :
    • b
    • Nazwa wydawcy (P)
    • Oficyna a Wolters Kluwer business,
    • c
    • Data wydania (P)
    • 2015.
300 -Strefa opisu fizycznego [ , ]
    • a
    • Określenie formy książki i/lub objętość (NP)
    • 177 s. :
    • b
    • Oznaczenie ilustracji (NP)
    • il. ;
    • c
    • Format (NP)
    • 21 cm.
336 -Typ zawartości [ , ]
    • a
    • Termin opisujący typ zawartości
    • Tekst
    • b
    • Kod określający zawartość
    • txt
    • 2
    • Źródło (terminu i kodu)
    • rdacontent
337 -Typ mediów [ , ]
    • a
    • Tryb odtwarzania
    • Bez urządzenia pośredniczącego
    • b
    • Kod typu mediów
    • n
    • 2
    • Źródło (terminu i kodu)
    • rdamedia
338 -Typ/rodzaj nośnika [ , ]
    • a
    • Hasło opisujące typ nośnika
    • Wolumin
    • b
    • Kod typu nośnika
    • nc
    • 2
    • Źródło (terminu i kodu)
    • rdacarrier
490 -Strefa serii i książki wielotomowej - forma nie do wyszukiwania [1, ]
    • a
    • Tytuł (P)
    • Biznes Find
830 -Hasło dodatkowe serii i opisu książki wielotomowej - tytuł ujednolicony/tytuł [ ,0]
    • a
    • Tytuł ujednolicony/tytuł (NP)
    • Biznes - Wolters Kluwer Polska
    • 9
    • KHW
    • 40244
504 -Uwaga dot. bibliogr. załącznikowej [ , ]
    • a
    • Uwaga dot. bibliografii załącznikowej
    • Indeks.
080 -Uniwersalna Klasyfikacja Dziesiętna [ , ]
    • 2
    • Identyfikator wydania tablic
    • UDC-P058
    • 9
    • UKD
    • 2193
    • a
    • Symbol klasyfikacji
    • 005.574
    • b
    • Dopowiedzenie
    • Zarządzanie. Mediacje. Rozwiązywanie konfliktów. Negocjacje. Taktyka negocjacji.
    • 4
    • UKD2
    • 8168
    • x
    • Poddział wspólny
    • (083.1)
    • c
    • Dopowiedzenie poddz. wspólnego
    • (Przepisy. Instrukcje. Poradniki praktyczne).
    • 4
    • UKD2
    • 8056
    • x
    • Poddział wspólny
    • (076)
    • c
    • Dopowiedzenie poddz. wspólnego
    • (Materiały do ćwiczeń praktycznych. Zadania. Pytania i rozwiązania. Teksty programowane).
650 -Hasło przedmiotowe [ ,7]
    • a
    • Hasło przedmiotowe
    • Negocjacje
    • v
    • Określnik formalny
    • poradniki.
    • 2
    • Źródło terminu
    • kaba
    • 9
    • KHW
    • 355065
650 -Hasło przedmiotowe [ ,7]
    • a
    • Hasło przedmiotowe
    • Komunikacja interpersonalna
    • v
    • Określnik formalny
    • poradniki.
    • 2
    • Źródło terminu
    • kaba
    • 9
    • KHW
    • 359092
980 -Symbol UKD [ , ]
    • a
    • UKD
    • 005.574(076)(083.1)
700 -Hasło dodatkowe - nazwa osobowa [1, ]
    • a
    • Nazwa osobowa (NP)
    • Murphy, John Find
    • d
    • Daty biograficzne (NP)
    • (1934- ).
    • 9
    • KHW
    • 82410
700 -Hasło dodatkowe - nazwa osobowa [1, ]
    • a
    • Nazwa osobowa (NP)
    • Russill, Richard Find
    • d
    • Daty biograficzne (NP)
    • (1943- ).
    • 9
    • KHW
    • 82411
700 -Hasło dodatkowe - nazwa osobowa [1, ]
    • a
    • Nazwa osobowa (NP)
    • Łuczkiewicz, Grzegorz. Find
    • e
    • Określenie rodzaju współpracy
    • Tł.
    • 9
    • KHW
    • 1004
710 -Hasło dodatkowe - nazwa ciała zbiorowego [2, ]
    • a
    • Nazwa ciała zbiorowego lub nazwa geograficzna jako pierwszy element (NP)
    • Wolters Kluwer Polska.
    • 4
    • Kod relacji
    • pbl
    • 9
    • KHW
    • 52677
920 -ISBN [ , ]
    • a
    • ISBN
    • 978-83-264-7992-2 Find
Status udost. Numer inwentarzowy Sygnatura Lokalizacja Data inwentaryzacji
-2T.18845T.18845T2015-04-03
-2TM.12420TM.12420T2015-04-03